| 000 | 01082nam a2200253Ia 4500 | ||
|---|---|---|---|
| 003 | OSt | ||
| 005 | 20220923212757.0 | ||
| 006 | a|||||r|||| 00| 0 | ||
| 007 | ta | ||
| 008 | 220922b |||||||| |||| 00| 0 hin d | ||
| 024 | _a155,755 | ||
| 037 | _cTextual | ||
| 040 |
_aARTS _cARTS _bhin |
||
| 041 |
_2hin _ahin |
||
| 082 | _aO1520m35,1(Q224):g, K6 | ||
| 100 |
_aमूर्ति, चावली सूर्यनारायण _9162742 |
||
| 245 | 0 | _aहिन्दी और तेलुगू के मध्यकालीन राम-साहित्य का तुलनात्मक अनुशीलन | |
| 246 | _aHindī aur telugū ke madhyakālīn rāma-sāhitya kā tulanātmak anushīlana | ||
| 260 |
_aलखनऊ _b हिंदी साहित्य भंडार _c1966 |
||
| 300 |
_a412पृ. _ccm. |
||
| 650 |
_aहिन्दी साहित्य _9156264 |
||
| 942 |
_hO1520m35,1(Q224):g, K6 _cTEXL _2CC |
||
| 999 |
_c311223 _d311223 |
||